000 00557nam a2200181 i 4500
001 100741
003 ES-MaACL
007 t|
008 051005s1984 sp ||||1| spa d
100 1 _aMathias, Julio.
_979039
245 1 0 _aUn sastre... a la medida
_b: tragicomedia en dos actos, divididos en cuatro cuadros... /
_cJulio Mathias.
260 _aMadrid :
_bPreyson,
_c1984.
300 _a97 p. ;
_c15 cm.
490 1 _aArte escénico ;
_v30
830 0 _aArte escénico ;
_v30
_9180796
852 _aES-MaACL
_jL-6488
_bR.107101
999 _c100741
_d100741